| 000 | 00535nam a2200205Ia 4500 | ||
|---|---|---|---|
| 001 | 63153 | ||
| 008 | 150108s9999 xx 000 0 und d | ||
| 020 | _a9780470654477 | ||
| 040 | _cPK-LaUMT | ||
| 082 |
_a 616.042 _bKOR-H |
||
| 100 | _akorf, Bruce R. | ||
| 245 |
_aHumand genetics and genomics _ckorf, Bruce R.|Irons, Mira B. |
||
| 250 | _a4th | ||
| 260 |
_aLondon,UK: _bJohn Wiley, _c2013 |
||
| 300 | _a269 p. | ||
| 546 | _aEN | ||
| 650 | _aGenetics, Medical-problems and exercises | ||
| 700 | _aIrons, Mira B. | ||
| 942 | _cBK | ||
| 999 |
_c63757 _d63757 |
||